KURTLAR İMPARATORLUĞU (Record no. 1219804)

MARC details
000 -LEADER
sabit uzunluktaki kontrol alanı 00259nam a2200097Ia 4500
001 - KONTROL NUMARASI
kontrol alanı 1219804
005 - EN SON İŞLEMİN TARİH VE ZAMANI
kontrol alanı 20250827092759.0
008 - SABİT-UZUNLUKTA VERİ ÖĞELERİ--GENEL BİLGİ
sabit uzunluktaki kontrol alanı 250824s9999 xx 000 0 und d
245 #0 - ESER / YAZAR
ESER ADI KURTLAR İMPARATORLUĞU
Yazar Adı JEAN CHRISTOPHE GRANGE
260 ## - YAYIN, DAĞITIM, VB.
YAYIN EVİ DOĞAN YAYINCILIK
Holdings
Düşüm durumu Kayıp durumu Hasar Durumu Ödünç verilmez Ana kütüphane Geçerli Kütüphane Edinilen tarih Toplam ödünç verme sayısı Barkod Son görüntüleme tarihi Fiyatın geçerli olmaya başladığı tarih Koha materyal türü
        KONYA ATATÜRK ANADOLU LİSESİ KONYA ATATÜRK ANADOLU LİSESİ 24.08.2025   11014737 27.08.2025 27.08.2025 Books